Stati per numero di Aerei da combattimento - Statistics

Statistiche generali
  • Questo quiz è stato fatto 36 volte
  • Il punteggio medio è 9 su 10
Statistiche sulle risposte
Numero di aerei da combattimenti Continente Nazione % Corretto
1 570 Asia Cina
100%
726 Asia India
100%
1 517 Asia / Europa Russia
100%
3 368 America del Nord Stati Uniti
100%
453 Asia Pakistan
94%
272 Asia Corea del Nord
89%
580 Asia Corea del Sud
86%
426 AAfrica Egitto
83%
340 Asia Israele
66%
364 Asia Arabia Saudita
60%
Nessun quiz corrispondente trovato
Distribuzione punteggi
Percentuale di utenti per punteggio
Percentile per numero di risposta
I tuoi punteggi nel tempo
Non hai fatto questo quiz